000 00639am a2200253a 44500
003 AR-BaBNM
005 20251128203840.0
008 138019s1963 #AR|||||||||||000 | spa||
040 _cAR-BaBNM
100 1 _aBorges, Jorge Luis
245 1 0 _aFicciones
250 _a1ª ed.
260 _aBuenos Aires
_bEmecé
_c1963
300 _a197 p.
490 0 _aObras completas de Jorge Luis Borges
_vv. 5
650 4 _aLITERATURA ARGENTINA
650 4 _aLITERATURA CONTEMPORANEA
653 _aCUENTO FANTASTICO
653 _aCUENTO POLICIAL
653 _aINFLUENCIA CLASICA
655 _aLITERATURA
942 _cBK
998 _cMARTIN
999 _c5169
_d5169